000
00250nam a2200097Ia 4500
005
20251222114416.0
008
251222s1900||||xx |||||||||||||| ||spa||
082
_a
DVD0070/S29U/2005
245
0
_a
Una vida iluminada:Every Thing is Iluminated
942
_c
DVD
999
_c
2222
_d
2222